书目信息 |
| 题名: |
细胞识别
|
|
| 作者: | 格里夫斯 著 ;扬松榆 , 张善熋 译 | |
| 分册: | ||
| 出版信息: | 北京 科学出版社 1980 |
|
| 页数: | 114页 | |
| 开本: | 19cm | |
| 丛书名: | ||
| 单 册: | ||
| 中图分类: | Q73 | |
| 科图分类: | ||
| 主题词: | 细胞膜--功能 | |
| 电子资源: | ||
| ISBN: | ||
| 000 | 00760nam0 2200265 45 | |
| 001 | 0180004208 | |
| 005 | 20060605153111.48 | |
| 010 | @dCNY0.60 | |
| 091 | @a13031.1374 | |
| 100 | @a19960215d1980 em y0chiy0121 ea | |
| 101 | 1 | @achi@ceng |
| 102 | @aCN@b110000 | |
| 105 | @ay z 000yy | |
| 200 | 10 | @a细胞识别@Axi bao shi bie@f(英)M·F·格里夫斯著@F(ying)M·F·ge li fu si zhu@g扬松榆,张善熋译 |
| 210 | @a北京@c科学出版社@d1980 | |
| 215 | @a114页@d19cm | |
| 300 | @a生物学研究概说 | |
| 510 | 1 | @aCellular recognition@zeng |
| 606 | @a细胞膜@x功能 | |
| 690 | @aQ73@v3 | |
| 701 | 0 | @a格里夫斯@Age li fu si@4著 |
| 702 | 0 | @a扬松榆@Ayang song yu@4译 |
| 702 | 0 | @a张善熋@Azhang shan cheng@4译 |
| 801 | 0 | @aCN@bTSSF@c20060605 |
| 905 | @a10447@dQ73@e72 | |
| 细胞识别/(英)M·F·格里夫斯著/扬松榆,张善熋译.-北京:科学出版社,1980 |
| 114页;19cm |
| 生物学研究概说 |
| ISBN :CNY0.60 |
| ● |
| 相关链接 |
|
|
|
|
正题名:细胞识别
索取号:Q73/72
 
预约/预借
| 序号 | 登录号 | 条形码 | 馆藏地/架位号 | 状态 | 备注 |
| 1 | 0420350 | 204203502 | 密集书库/ [索取号:Q73/72] | 在馆 | |
| 2 | 0420363 | 204203637 | 密集书库/ [索取号:Q73/72] | 在馆 |